| 000 | 01063cad a22002295a 4500 | ||
|---|---|---|---|
| 001 | L157304 | ||
| 008 | 121015s2012 xxk f 001 0 eng d | ||
| 035 | _a(Sirsi) u157304 | ||
| 041 | 0 | _aeng | |
| 110 | 1 | _aThe Joint Contracts Tribunal Limited | |
| 245 | 0 | 0 |
_aNew rules of measurement update _bissued August 2012 _h[electronic resource] |
| 260 |
_a[S.l.] _bJCT _c2012 |
||
| 520 | _aThis update from JCT is in response to the RICS New Rules of Measurement Detailed Measurement for Building Works ('NRM2') which were published in 2012 with a view to their replacing the Standard Method of Measurement for Building Works ('SMM7') from 1 January 2013. The update explains when to use NRM instead of SMM7 for relevant JCT contracts and sub-contracts. | ||
| 521 | _aAdvanced | ||
| 590 | _aKA | ||
| 650 | 2 | 4 | _aRICS NEW RULES OF MEASUREMENT |
| 651 | 4 | _aInternational | |
| 690 |
_aContracts _96232 |
||
| 690 |
_aMeasurement _96256 |
||
| 856 | 4 | 0 |
_uhttps://www.jctltd.co.uk/new-rules-measurement.aspx _zView this item free of charge at www.jctltd.co.uk |
| 942 | _n0 | ||
| 999 |
_c114713 _d114713 |
||